Things Called Little - Statistics

General Stats
  • This quiz has been taken 48 times
  • The average score is 14 of 24
Answer Stats
Picture Hint Answer % Correct
Popular folktale Little {Red} {Riding} {Hood}
95%
What Mary had {A} Little {Lamb}
91%
A toy line and media franchise {My} Little {Pony}
91%
Classic children's book and movie {Stuart} Little
86%
Fairytale by Hans Christian Andersen {The} Little {Mermaid}
84%
Classic novel and movie by Louisa May Alcott Little {Women}
77%
Rapper Lil {Wayne}
75%
Children's novels written by Laura Ingalls Wilder Little {House} {on} {the} {Prairie}
68%
Popular fairytale {The} {Three} Little {Pigs}
68%
City in Arkansas Little {Rock}
66%
A companion of Robin Hood Little {John}
64%
Rapper, singer, songwriter Lil {Nas} {X}
61%
She said the "Sky is falling!" {Chicken} Little
57%
Rock 'n' Roll singer Little {Richard}
57%
American horror black comedy musical film Little {Shop} {of} {Horrors}
55%
Alanis Morissette's most successful album {Jagged} Little {Pill}
50%
Pizza Franchise Little {Caesars}
41%
French children's book by Antoine de Saint-Exupéry {The} Little {Prince}
41%
Code name for the atomic bomb dropped on Hiroshima Little {Boy}
39%
Children's book about a a train that won't give up {The} Little {Engine} {That} {Could}
39%
Classic TV Show {The} Little {Rascals}
39%
Rapper once associated with Biggy Smalls Lil {Kim}
34%
Film starring Greg Kinnear, Steve Carell, Toni Collette, Paul Dano, Abigail Breslin, and Alan Arkin Little {Miss} {Sunshine}
30%
Red headed classic cartoon/ broadway show / movie character Little {Orphan} {Annie}
30%
No matching quizzes found
Score Distribution
Percent of People with Each Score
Percentile by Number Answered
Your Score History
You have not taken this quiz